Welcome to CU Library Online Public Access Catalogue (OPAC)

Safety Standards and Infection Control for Dental Assistants/ (Record no. 4213)

MARC details
000 -LEADER
fixed length control field 00449nam a22001457a 4500
005 - DATE AND TIME OF LATEST TRANSACTION
control field 20250223164620.0
008 - FIXED-LENGTH DATA ELEMENTS--GENERAL INFORMATION
fixed length control field 250223b |||||||| |||| 00| 0 eng d
020 ## - INTERNATIONAL STANDARD BOOK NUMBER
International Standard Book Number 9780766826595
050 ## - LIBRARY OF CONGRESS CALL NUMBER
Classification number RK52
Item number .D54
100 ## - MAIN ENTRY--PERSONAL NAME
Personal name Dietz, Ellen
245 ## - TITLE STATEMENT
Title Safety Standards and Infection Control for Dental Assistants/
Statement of responsibility, etc. Ellen Dietz
260 ## - PUBLICATION, DISTRIBUTION, ETC.
Place of publication, distribution, etc. Australia
Name of publisher, distributor, etc. Delmar Thomson Learning
Date of publication, distribution, etc. 2002
300 ## - PHYSICAL DESCRIPTION
Extent xxvi. 309p.
Other physical details ill. some color
Dimensions 23.5cm
942 ## - ADDED ENTRY ELEMENTS (KOHA)
Source of classification or shelving scheme Library of Congress Classification
Koha item type Books
Suppress in OPAC No
999 ## -
-- 4213
-- 4213
Holdings
Withdrawn status Lost status Source of classification or shelving scheme Damaged status Not for loan Collection Home library Current library Shelving location Date acquired Total checkouts Full call number Barcode Date last seen Copy number Price effective from Koha item type
    Library of Congress Classification     Non-fiction Science Library (Miotso) Science Library (Miotso) General stacks 02/23/2025   RK52 .D54 DIE SLM00003882 02/23/2025 1 02/23/2025 Books
© 2023-2024 Copyright: Central University Libraries. All Rights Reserved | Created by: Mahone Tech Office